Mai hoa dịch số
Lí thuyết và ứng dụng của phương pháp dự đoán tương lai trên cơ sở kinh dịch, phương pháp Hoa mai dịch số: cách tố quẻ, chiêm sắc mặt, vẻ mặt, thời tiết...
Sparad:
| Huvudupphovsman: | |
|---|---|
| Materialtyp: | Bok |
| Språk: | Undetermined |
| Publicerad: |
Hà Nội
Văn học
2010
|
| Ämnen: | |
| Taggar: |
Lägg till en tagg
Inga taggar, Lägg till första taggen!
|
| Thư viện lưu trữ: | Trung tâm Học liệu Trường Đại học Cần Thơ |
|---|
| LEADER | 00827nam a2200205Ia 4500 | ||
|---|---|---|---|
| 001 | CTU_167116 | ||
| 008 | 210402s9999 xx 000 0 und d | ||
| 020 | |c 100000 | ||
| 082 | |a 133.5 | ||
| 082 | |b T308 | ||
| 100 | |a Thiệu, Khang Tiết | ||
| 245 | 0 | |a Mai hoa dịch số | |
| 245 | 0 | |c Thiệu Khang Tiết ; Ông Văn Tùng ( dịch và chú thích ) | |
| 260 | |a Hà Nội | ||
| 260 | |b Văn học | ||
| 260 | |c 2010 | ||
| 520 | |a Lí thuyết và ứng dụng của phương pháp dự đoán tương lai trên cơ sở kinh dịch, phương pháp Hoa mai dịch số: cách tố quẻ, chiêm sắc mặt, vẻ mặt, thời tiết... | ||
| 650 | |a Astrology,Chiêm tinh học | ||
| 904 | |i QHieu | ||
| 980 | |a Trung tâm Học liệu Trường Đại học Cần Thơ | ||